Lokálpatrióta térképészműhely Magyarország, nem felülnézetből /
Elmentve itt :
| Szerző: | |
|---|---|
| Dokumentumtípus: | Cikk |
| Megjelent: |
2004-02-21
|
| Sorozat: | Délmagyarország
94 No. 44 |
| Kulcsszavak: | Szeged, Térképészet atlasz Szeged, Firbás Térképstúdió (Szeged) |
| Online Access: | http://dmarchiv.bibl.u-szeged.hu/132964 |
| LEADER | 00556nab a2200157 i 4500 | ||
|---|---|---|---|
| 001 | delm132964 | ||
| 005 | 20191204085627.0 | ||
| 008 | 191204s2004 hu o 0|| hun d | ||
| 040 | |a SZTE Délmagyarország Archívum |b hun | ||
| 041 | |a hun | ||
| 100 | 1 | |a Sulyok Erzsébet | |
| 245 | 1 | 0 | |a Lokálpatrióta térképészműhely |h [elektronikus dokumentum] : |b Magyarország, nem felülnézetből / |c Sulyok Erzsébet |
| 260 | |c 2004-02-21 | ||
| 300 | |a 6 | ||
| 490 | 0 | |a Délmagyarország |v 94 No. 44 | |
| 695 | |a Szeged, Térképészet atlasz Szeged, Firbás Térképstúdió (Szeged) | ||